| 000 | 01420cam a2200253 4500 | ||
|---|---|---|---|
| 001 | ABS65421 | ||
| 008 | 020426n2002 000 0 eng u | ||
| 035 | _a(Sirsi) u117699 | ||
| 100 | _aEddy, J | ||
| 245 | _aMillennium Map gives a bird's eye view of the real world | ||
| 260 | _c2002 | ||
| 490 |
_aBURISA _v(151) March 2002, 2-7(6) |
||
| 520 | _aDiscusses the advantages of Getmapping's Millennium Map to local authorities. The Millennium Map currently consists of 160 000sq km of high resolution aerial photography covering England and Wales (Scotland and Northern Ireland are due to be mapped this year). An initiative called Digital National Imagery (DNI) has been set up to provide access to the Millennium Map data to public sector organisations. Illustrates how a number of local authorities are already using aerial photography for a range of purposes including car parking surveys, parking enforcement, border disputes, street inventories, local transport planning, monitoring the land, and coastline and ancient site surveying. Further information available from http://www.getmapping.com. Local authority case studies. Appendices. | ||
| 590 | _aABS | ||
| 650 | _aGETMAPPING | ||
| 650 | _aAERIAL MAPPING | ||
| 650 | _aLOCAL AUTHORITIES | ||
| 650 | _aMILLENNIUM MAP | ||
| 650 | _aGIS | ||
| 650 | _aGIS | ||
| 650 | _aAERIAL PHOTOGRAPHY | ||
| 690 | _aMAPPING AND MEASUREMENT | ||
| 942 | _n0 | ||
| 999 |
_c70083 _d70083 |
||